| 000 | 00939cab a2200241 4500 | ||
|---|---|---|---|
| 001 | WB3120-29 | ||
| 008 | 090401t1995 xxu||||| |||| 00| 0 eng d | ||
| 035 | _a(Sirsi) u74947 | ||
| 041 | _aeng | ||
| 245 | _aVillage green | ||
| 260 | _c1995 | ||
| 350 | _a0 | ||
| 490 |
_aEstates Gazette Case Summaries _v1995 EGCS 80 (20/5/95) |
||
| 520 | _a"R v Suffolk CC ex parte Steed and another" QBD 5 May 1995. Application for judicial review refused. Planning permission for registration of a village green under the Commons Registration Act 1965 had been refused, as usage was not referred to as a `locality`and there had been no change of circumstances since 1970 to qualify for registration. | ||
| 650 | _aCOMMONS REGISTRATION ACT 1965 | ||
| 650 | _aJUDICIAL REVIEW | ||
| 650 | _aLAW OF COMMONS | ||
| 650 | _aUSAGE | ||
| 650 | _aVILLAGE GREEN | ||
| 690 | _aPLANNING LAW AND PRACTICE-CASE LAW | ||
| 942 | _n0 | ||
| 948 | _c04/03/1997 | ||
| 999 |
_c47218 _d47218 |
||